00479 2200181 4500001002100000005001500021008004100036020002200077035001900099041000700118082000800125090001400133100001600147245005800163260003600221300002100257650001900278INLIS00000000001424220241224114716241224||||||||| | ||| |||| || |  a979-9791-5178-3-5 0010-1224014242 aen0 a420 a420 ATO m0 aBujang Atoy00aMENGENAL KENDARAAN DALAM 2 BAHASA INDONESIA - INGGRIS aJunbitungbBee Media Kidzc2007 a16hlm';12x14.5cm 0abahasa inggris